000 00263nam a2200145Ia 4500
100 _aSharma/Robin
942 _cBK
366 _f25
245 _aFamily wisdom
260 _bJaico
_c2017
082 _bSHA
300 _a197
546 _aENGLISH
999 _c30378
_d30378